Zasięg występowania zwierząt na mapie świata - Statystyki

Ogólne statystyki
  • Ten quiz został rozwiązany 1 146 razy
  • Średni wynik to 6 z 15
Odpowiedzi na mapie
Odpowiedzi zakodowano w zielono-czerwonej skali na mapie do tego quizu, zgodnie z poniższymi procentami.
 
Statystyki odpowiedzi
# Zwierzę % Poprawnych
12 Kangur rudy
81%
9 Pingwin złotoczuby
72%
3 Słoń indyjski
63%
1 Aligator missisipski
62%
11 Niedźwiedź polarny
62%
13 Lemur katta
60%
6 Dront dodo
57%
7 Żyrafa
41%
5 Orangutan borneański
36%
8 Jaguar
30%
2 Bizon amerykański
27%
4 Makak berberyjski
21%
15 Irbis śnieżny
16%
14 Kałan morski
8%
10 Mniszka śródziemnomorska
4%
Nie znaleziono quizów pasujących do podanych kryteriów
Rozkład punktacji
Procent ludzi z każdym wynikiem
Percentyl według liczby udzielonych odpowiedzi
Twoja historia wyników
Nie rozwiązałeś tego quizu